Marappavakalum mattu pradhana kathakalum / (Record no. 48537)
[ view plain ]
| 000 -LEADER | |
|---|---|
| fixed length control field | 00739nam a2200229Ia 4500 |
| 003 - CONTROL NUMBER IDENTIFIER | |
| control field | OSt |
| 005 - DATE AND TIME OF LATEST TRANSACTION | |
| control field | 20240819133916.0 |
| 008 - FIXED-LENGTH DATA ELEMENTS--GENERAL INFORMATION | |
| fixed length control field | 210329s9999||||xx |||||||||||||| ||und|| |
| 020 ## - INTERNATIONAL STANDARD BOOK NUMBER | |
| International Standard Book Number | 9788126405640 |
| 040 ## - CATALOGING SOURCE | |
| Transcribing agency | STCPL |
| 041 ## - LANGUAGE CODE | |
| Language code of text/sound track or separate title | Malayalam |
| 082 ## - DEWEY DECIMAL CLASSIFICATION NUMBER | |
| Classification number | M301 |
| Item number | KAR-M |
| 100 ## - MAIN ENTRY--PERSONAL NAME | |
| Personal name | Neelakandapillai, Karoor |
| Author in other language | കാരൂര് നീലകണ്ഠപ്പിള്ള |
| 245 #0 - TITLE STATEMENT | |
| Title | Marappavakalum mattu pradhana kathakalum / |
| Statement of responsibility, etc. | by Karoor Neelakandapillai |
| Title in other language | മരപ്പാവകളും മറ്റ് പ്രധാന കഥകളും |
| 260 ## - PUBLICATION, DISTRIBUTION, ETC. | |
| Place of publication, distribution, etc. | Kottayam : |
| Name of publisher, distributor, etc. | D C Books , |
| Date of publication, distribution, etc. | 2003 . |
| 300 ## - PHYSICAL DESCRIPTION | |
| Extent | 116 p. |
| Other physical details | Paper Back |
| 650 ## - SUBJECT ADDED ENTRY--TOPICAL TERM | |
| Topical term or geographic name entry element | Malayalam literature |
| 650 ## - SUBJECT ADDED ENTRY--TOPICAL TERM | |
| Topical term or geographic name entry element | Fiction |
| 650 ## - SUBJECT ADDED ENTRY--TOPICAL TERM | |
| Topical term or geographic name entry element | Stories |
| 942 ## - ADDED ENTRY ELEMENTS (KOHA) | |
| Koha item type | Books |
| 942 ## - ADDED ENTRY ELEMENTS (KOHA) | |
| Source of classification or shelving scheme | Dewey Decimal Classification |
| Withdrawn status | Lost status | Source of classification or shelving scheme | Damaged status | Collection code | Not for loan | Home library | Current library | Shelving location | Date acquired | Cost, normal purchase price | Total Checkouts | Full call number | Barcode | Date last seen | Date last checked out | Price effective from | Koha item type |
|---|---|---|---|---|---|---|---|---|---|---|---|---|---|---|---|---|---|
| Dewey Decimal Classification | Malayalam | ST. THOMAS COLLEGE LIBRARY, PALAI | ST. THOMAS COLLEGE LIBRARY, PALAI | Malayalam | 2021-07-10 | 50.00 | 2 | M301 KAR-M | 65223 | 2022-11-24 | 2022-10-27 | 2021-07-10 | Books |
